000 01511cam a2200253 a 4500
001 vtls003227549
003 MY-SjTCS
005 20200306163813.0
008 111206s2010 njua b s001 0 eng
020 _a9780813546773 (hpk.)
020 _a081354677X (hbk.)
039 9 _a201203131528
_bwilmina
_c201202281640
_dmalathy
_y201112061451
_zmalathy
082 0 0 _a612.397
_bLAW 2010
100 1 _aLawrence, Glen D.,
_d1948-
_958320
245 1 4 _aThe fats of life :
_bessential fatty acids in health and disease /
_cGlen D. Lawrence.
246 3 0 _aEssential fatty acids in health and disease
260 _aNew Brunswick, N.J. :
_bRutgers University Press,
_cc2010.
300 _axvi, 277 p. :
_bill. ;
_c25 cm.
504 _aIncludes bibliographical references and index.
505 0 _aThe dietary fat doctrine -- Lipid terminology, structure, and function -- Some dietary fats are essential -- Signals, messengers, and responses -- Oxidation and lipid peroxidation -- Atherosclerosis -- Risk factors in cardiovascular disease -- Lipid-lowering drugs -- Inflammation, anti-inflammatory drugs, and lipid mediators -- Cancer and immunity -- Neurological development, memory, and learning -- Functional disorders of the nervous system -- Neurodegenerative diseases -- Obesity : health consequences and dietary influences -- Dietary choices for comprehensive health.
650 0 _aFatty acids in human nutrition.
_958321
650 0 _aEssential fatty acids
_xPhysiological effect.
_9239931
920 _aPHA : 177572
999 _c45535